Normal view MARC view

Entry Nombre personal

Number of records used in: 3

001 - NÚMERO DE CONTROL

  • campo de control: 1077

003 - IDENTIFICADOR DE NÚMERO DE CONTROL

  • campo de control: DLC

005 - FECHA Y HORA DE LA ÚLTIMA TRANSACCIÓN

  • campo de control: 20260420064013.0

008 - ELEMENTOS DE DATO DE LONGITUD-FIJA

  • campo de control de longitud fija: 800613n| azannaabn |n aaa

010 ## - NÚMERO DE CONTROL DE LA BIBLIOTECA DEL CONGRESO

  • Número de control de LC: n 50030304

035 ## - NÚMERO DE CONTROL DEL SISTEMA

  • Número de control de sistema: (OCoLC)oca00065672

040 ## - FUENTE DE CATALOGACIÓN

  • Centro catalogador/agencia de origen: DLC
  • Lengua de catalogación: eng
  • Normas de descripción: rda
  • Centro/agencia transcriptor: DLC
  • Centro/agencia modificador: InU
  • Centro/agencia modificador: MoKU
  • Centro/agencia modificador: UPB
  • Centro/agencia modificador: OCoLC

046 ## - FECHAS CON CODIFICACIÓN ESPECIAL

  • Fecha de nacimiento: 1897-11-12
  • Fecha de la muerte: 1984-03-04
  • Fuente del esquema de fecha: edtf

100 1# - ENCABEZAMIENTO-NOMBRE DE PERSONA

  • Nombre de persona: Hürlimann, Martin,
  • Fechas asociadas al nombre: 1897-1984

370 ## - LUGAR ASOCIADO

  • Lugar de nacimiento: Zurich (Switzerland)
  • Lugar de fallecimiento: Zurich (Switzerland)
  • Fuente del término: naf

374 ## - OCUPACIÓN

  • Ocupación: Authors and publishers
  • Fuente del término: lcsh

377 ## - IDIOMA ASOCIADO

  • Código del idioma: ger

670 ## - FUENTE DE DATOS ENCONTRADOS

  • Cita de la fuente: His Tut Kung Bluff, c1924.

670 ## - FUENTE DE DATOS ENCONTRADOS

  • Cita de la fuente: Bulletin, Spec. Lib. Assoc., no. 162 (Dec. 1990):
  • Información encontrada: p. 15 (Martin Hürlimann; b. 1897; d. 3/4/84)

670 ## - FUENTE DE DATOS ENCONTRADOS

  • Cita de la fuente: Wikipedia, German, 16 September 2020
  • Información encontrada: (Martin Hürlimann; born 12 November 1897 in Zürich; died 4 March 1984 in Zürich; Swiss publisher of the periodical Atlantis; founder of the publishing house Atlantis Verlag)
  • Identificador Uniforme de Recurso: https://de.wikipedia.org/wiki/Martin_H%C3%BCrlimann_(Verleger%29